Internacionalizácia služieb, jej prejavy a účinky na ekonomiku Slovenska a krajín OECD

Internacionalizácia a globalizácia v službách. Medzinárodný obchod so službami. Postavenie SR v medzinárodnom obchode s komerčnými službami. Bilancia služieb SR. Medzinárodné porovnanie obchodu so službami.

Salvato in:
Dettagli Bibliografici
Autore principale: Michalová, Valéria
Natura: Capitolo di libro
Lingua:slovacco
Soggetti:
Tags: Aggiungi Tag
Nessun Tag, puoi essere il primo ad aggiungerne!!

MARC

LEADER 00000naa a2200000 4500
001 r049352
005 20231005083235.6
041 0 |a slo 
044 |a SK 
245 1 0 |a Internacionalizácia služieb, jej prejavy a účinky na ekonomiku Slovenska a krajín OECD  |c Valéria Michalová 
520 |a Internacionalizácia a globalizácia v službách. Medzinárodný obchod so službami. Postavenie SR v medzinárodnom obchode s komerčnými službami. Bilancia služieb SR. Medzinárodné porovnanie obchodu so službami. 
610 2 0 |a internacionalizácia 
610 2 0 |a globalizácia 
610 2 0 |a služby 
610 2 0 |a obchod svetový 
610 2 0 |a investície priame zahraničné 
610 2 0 |a liberalizácia 
610 2 0 |a krajiny vyspelé 
610 2 0 |a Slovensko 
610 2 0 |a Európska únia 
610 2 0 |a OECD 
100 1 |a Michalová, Valéria